| Tag |
First Indicator |
Second Indicator |
Subfields |
| LEADER |
00000cam a2200000 4500 |
| 001 |
in00000065199 |
| 005 |
20151008051813.0 |
| 008 |
720207s1958 nyu 00000 eng u |
| 010 |
|
|
|a 58010098
|
| 035 |
|
|
|a (OCoLC)00235069
|
| 035 |
|
|
|9 AAH0078AM
|
| 040 |
|
|
|c WSU
|d TXA
|d UtOrBLW
|
| 049 |
|
|
|a TXAM
|c [305438]
|
| 050 |
|
4 |
|a HC497.I7
|b Q4
|
| 090 |
|
|
|a HC415.4
|b .Q4
|
| 092 |
|
|
|a 338.9567
|b Q1r
|
| 100 |
1 |
|
|a Qubain, Fahim Issa,
|d 1924-
|
| 245 |
1 |
4 |
|a The reconstruction of Iraq, 1950-1957 /
|c With a foreword by Robert Strausz-Hupe.
|
| 264 |
|
1 |
|a New York :
|b F.A. Praeger,
|c [1958]
|
| 300 |
|
|
|a 277 pages :
|b illustrations ;
|c 22 cm.
|
| 336 |
|
|
|a text
|b txt
|2 rdacontent
|
| 337 |
|
|
|a unmediated
|b n
|2 rdamedia
|
| 338 |
|
|
|a volume
|b nc
|2 rdacarrier
|
| 490 |
1 |
|
|a The Foreign Policy Research Institute series, no. 6
|
| 651 |
|
0 |
|a Iraq
|x Economic policy.
|
| 830 |
|
0 |
|a Foreign Policy Research Institute series ;
|v no. 6.
|
| 999 |
|
|
|a MARS
|
| 999 |
f |
f |
|s 8c05e9e2-1571-3248-8bce-92120e1afaed
|i c3161003-260b-3338-982f-ccc1fe6d9d23
|t 0
|
| 952 |
f |
f |
|p ric
|a Texas A&M University
|b Rellis Campus
|c Joint Library Facility
|d Remote Storage
|t 0
|e HC415.4 .Q4
|h Library of Congress classification
|i unmediated -- volume
|m A14800775335
|
| 998 |
f |
f |
|a HC415.4 .Q4
|t 0
|l Remote Storage
|